• 首页
  • 本馆介绍
  • 公告通知
  • 最新文献
  • 馆藏检索
  • 电子资源
  • 读者导购
  • 参考咨询
  • 我的图书馆
  • 登录
  • 详细信息显示
  • 放入我的书架
  • 预约/预借图书
  • 作者相关作品
  • 分类相关作品
  • 丛书相关作品
  • 出版社相关作品

书目信息

  • 表格格式
  • 工作单格式
  • 卡片格式
题名:
现代舞蹈的身体语言
    
 
作者: 刘青弋 著
分册:  
出版信息: 上海   上海音乐出版社  2004
页数: 332页
开本: 23cm
丛书名:
单 册:
中图分类: J722.6
科图分类:
主题词: 舞蹈动作--身势语--高等学校--教材 , 舞蹈动作 , 身势语 , 舞蹈艺术--中国 , 舞剧--中国
电子资源:
ISBN: 7-80667-434-9
000 01098nam0 2200313 450
001 1233416530
005 20121019091750.25
010    @a7-80667-434-9@dCNY42.00
100    @a20050714d2004 ekmy0chiy0120 ea
101 0  @achi@eeng@deng
102    @aCN@b310000
105    @aa z 000yy
200 1  @a现代舞蹈的身体语言@9xian dai wu dao de shen ti yu yan@d= The Body Language of Modern Dance@f刘青弋著@zeng
210    @a上海@c上海音乐出版社@d2004
215    @a332页@c照片@d23cm
300    @a普通高等教育“十五”国家级规划教材
300    @a北京市高等教育精品教材立项项目
300    @a北京舞蹈学院“十五”规划教材  
330    @a本书构建了西方现代舞身体动作语言的理论框架,分析其运动语言要素和语义特征,并对各类舞蹈的身体动作语言形态的特征进行讨论等。
510 1  @aThe Body Language of Modern Dance@zeng
606 0  @a舞蹈动作@x身势语@x高等学校@j教材
606 0  @a舞蹈动作
606 0  @a身势语
606 0  @a舞蹈艺术@x中国
606 0  @a舞剧@x中国
690    @aJ722.6@v4
701  0 @a刘青弋@9liu qing yi@c(女)@4著
801  0 @aCN@bNLC@c20050714
905    @a10447@dJ722.6@eJY42
    
    现代舞蹈的身体语言= The Body Language of Modern Dance/刘青弋著.-上海:上海音乐出版社,2004
    332页:照片;23cm
    普通高等教育“十五”国家级规划教材.-北京市高等教育精品教材立项项目.-北京舞蹈学院“十五”规划教材
    
    ISBN 7-80667-434-9:CNY42.00
    本书构建了西方现代舞身体动作语言的理论框架,分析其运动语言要素和语义特征,并对各类舞蹈的身体动作语言形态的特征进行讨论等。
●
相关链接 在E读中查询图书 在五车中查询图书 在当当中查询图书 在豆瓣中查询图书


正题名:现代舞蹈的身体语言     索取号:J722.6/JY42         预约/预借

序号 登录号 条形码 馆藏地/架位号 状态 备注
1 7833937   278339371   学院路分馆/ [索取号:J722.6/JY42] 在馆    
2 7833938   278339380   学院路分馆/ [索取号:J722.6/JY42] 在馆    
3 7833939   278339399   学院路分馆/ [索取号:J722.6/JY42] 在馆    
唐山师范学院图书馆 欢迎您!
大连网信软件有限公司© 版权所有